Ký ức vụn : Tạp văn chọn lọc

সংরক্ষণ করুন:
গ্রন্থ-পঞ্জীর বিবরন
প্রধান লেখক: Nguyễn, Quang Lập
বিন্যাস: গ্রন্থ
ভাষা:Undetermined
প্রকাশিত: Hà Nội Hội Nhà văn 2009
বিষয়গুলি:
ট্যাগগুলো: ট্যাগ যুক্ত করুন
কোনো ট্যাগ নেই, প্রথমজন হিসাবে ট্যাগ করুন!
Thư viện lưu trữ: Trung tâm Học liệu Trường Đại học Cần Thơ
LEADER 00627nam a2200217Ia 4500
001 CTU_147803
008 210402s9999 xx 000 0 und d
020 |c 45000 
082 |a 895.9228 
082 |b L123 
100 |a Nguyễn, Quang Lập 
245 0 |a Ký ức vụn : 
245 0 |b Tạp văn chọn lọc 
245 0 |c Nguyễn Quang Lập 
260 |a Hà Nội 
260 |b Hội Nhà văn 
260 |c 2009 
650 |a Vietnamese literature,Văn học Việt Nam 
650 |y 21 century,Thế kỷ 21 
904 |i Qhieu 
980 |a Trung tâm Học liệu Trường Đại học Cần Thơ